<?xml version="1.0" encoding="UTF-8"?>
<collection xmlns:xsi="http://www.w3.org/2001/XMLSchema-instance" xsi:schemaLocation="http://www.loc.gov/MARC21/slim http://www.loc.gov/standards/marcxml/schema/MARC21slim.xsd" xmlns="http://www.loc.gov/MARC21/slim">
 <record>
  <leader>00000ctm a22000003a 4500</leader>
  <controlfield tag="001">UP-99796217608420318</controlfield>
  <controlfield tag="003">Buklod</controlfield>
  <controlfield tag="005">20080626090214.0</controlfield>
  <controlfield tag="006">a     r    |||| u|</controlfield>
  <controlfield tag="007">ta</controlfield>
  <controlfield tag="008">080626s        xx     d     r    |||| u|</controlfield>
  <datafield tag="035" ind1=" " ind2=" ">
   <subfield code="a">(iLib)UPD-00034427599</subfield>
  </datafield>
  <datafield tag="040" ind1=" " ind2=" ">
   <subfield code="a">DCHE</subfield>
  </datafield>
  <datafield tag="041" ind1=" " ind2=" ">
   <subfield code="a">eng</subfield>
  </datafield>
  <datafield tag="090" ind1=" " ind2=" ">
   <subfield code="a">LG 996 2008 H6</subfield>
   <subfield code="b">G34</subfield>
  </datafield>
  <datafield tag="100" ind1="0" ind2=" ">
   <subfield code="a">Galatierra, Evangeline Z.</subfield>
  </datafield>
  <datafield tag="245" ind1="0" ind2="0">
   <subfield code="a">Predictors of the employability of the graduates of Bachelor of Science in Home Economics and its related fields</subfield>
   <subfield code="c">Evangeline Z. Avila-Galatierra ; Evalyn G. Hizon , adviser.</subfield>
  </datafield>
  <datafield tag="264" ind1=" " ind2="1">
   <subfield code="a">2008.</subfield>
  </datafield>
  <datafield tag="300" ind1=" " ind2=" ">
   <subfield code="a">167 leaves</subfield>
   <subfield code="b">ill.</subfield>
  </datafield>
  <datafield tag="500" ind1=" " ind2=" ">
   <subfield code="a">Thesis (Ph.D.HE)--University of the Philippines Diliman</subfield>
  </datafield>
  <datafield tag="520" ind1=" " ind2=" ">
   <subfield code="a">This study purported to determine the student, family and institution-related factors that predict the employability of 120 (female, 115 and male, five) graduates of Bachelor of Science in Home Economics and its related fields from two institutions: a State College and a State University, in Central Luzon, in terms of Education-Employment Match, Waiting Time and Job Stability. The data were obtained through a survey questionnaire, which was supplemented and substantiated by qualitative information derived from three Focus Group Discussions. The statistical analysis employed to test the hypotheses was the Stepwise Multiple Regression Analysis. The results of Stepwise Multiple Regression Analysis showed that at .05 probability level, the active participation of the respondents in co-curricular activities and the administrative support have significant effect on the education-employment match. For the &quot;waiting time&quot; the only factor found to have a significant effect was the school's guidance services. For the &quot;job stability&quot; in terms of job status and salary, eight factors were found to be significant. These were hobby, study habits, participation in co-curricular activities, degree of interest in the course, family income, institutional image, guidance services and administrative support. There is a strong need therefore for the parents and the teachers to encourage their children/students to actively participate in different school activities as this will help develop their personality as a whole. This will serve as their edge over the other applicants. The more support given by the administration to every department, the better will be the quality of their graduates.  The better the graduates are, the higher will be the image of the institution and all these could help the graduates to facilitate their search for employment.</subfield>
  </datafield>
  <datafield tag="650" ind1=" " ind2="0">
   <subfield code="a">College graduates</subfield>
   <subfield code="z">Philippines</subfield>
   <subfield code="x">Employability.</subfield>
  </datafield>
  <datafield tag="650" ind1="1" ind2="7">
   <subfield code="a">Home economics</subfield>
   <subfield code="z">Philippines.</subfield>
  </datafield>
  <datafield tag="650" ind1="1" ind2="7">
   <subfield code="a">Home economist</subfield>
   <subfield code="z">Philippines.</subfield>
  </datafield>
  <datafield tag="700" ind1="1" ind2=" ">
   <subfield code="a">Hizon, Evalyn G.</subfield>
  </datafield>
  <datafield tag="852" ind1="0" ind2=" ">
   <subfield code="a">UPD</subfield>
   <subfield code="b">DARCHIVES</subfield>
   <subfield code="h">LG 996 2008 H6</subfield>
   <subfield code="i">G34</subfield>
  </datafield>
  <datafield tag="852" ind1="0" ind2=" ">
   <subfield code="a">UPD</subfield>
   <subfield code="b">DCHE</subfield>
   <subfield code="h">LG 996 2008 H6</subfield>
   <subfield code="i">G34</subfield>
  </datafield>
  <datafield tag="942" ind1=" " ind2=" ">
   <subfield code="a">Thesis</subfield>
  </datafield>
 </record>
</collection>
